Statystyki dla Kraje z największą ilością autostrad - 1/2

Kliknij tutaj aby rozwiązać quiz!

Ogólne statystyki

  • Ten quiz został rozwiązany 113 razy
  • Średni wynik to 20 z 25

Statystyki odpowiedzi

Długość kmKraj% Poprawnych
6 588 610Stany Zjednoczone
100%
683,175Hiszpania
99%
1,042,300Kanada
99%
625,000Niemcy
99%
1 283 387Rosja
99%
4 960 600Chiny
98%
1,053,215Francja
97%
1 218 772Japonia
94%
246,000Brazylia
93%
487,700Włochy
93%
420,000Polska
92%
394,428Wielka Brytania
90%
4 699 024Indie
89%
398,148Meksyk
88%
281,290Argentyna
87%
873,573Australia
87%
573,134Szwecja
84%
454,000Finlandia
74%
221,372Arabia Saudyjska
71%
496,607Indonezja
69%
223,485Iran
69%
750,000Republika Południowej Afryki
62%
263,775Pakistan
52%
216,387Filipiny
33%
369,105Bangladesz
25%

Rozkład punktacji

Percentyl według liczby udzielonych odpowiedzi

Procent ludzi z każdym wynikiem

Twoja historia wyników

Nie rozwiązałeś tego quizu